Loading...
| Current Events | 1 | 20.00 | 100% | 100% | 0% |
| Fine Arts - Auditory Fine Arts | 5 | 8.00 | 80% | 0% | 0% |
| Fine Arts - Other Fine Arts | 4 | 15.00 | 100% | 50% | 0% |
| Fine Arts - Visual Fine Arts | 7 | 14.29 | 100% | 43% | 0% |
| Geography | 1 | 20.00 | 100% | 100% | 0% |
| History - American History | 3 | 16.67 | 100% | 33% | 33% |
| History - European History | 6 | 16.67 | 100% | 50% | 17% |
| History - Other History | 4 | 10.00 | 75% | 25% | 0% |
| History - World History | 5 | 10.00 | 100% | 0% | 0% |
| Literature - American Literature | 5 | 12.00 | 100% | 20% | 0% |
| Literature - British Literature | 4 | 15.00 | 100% | 50% | 0% |
| Literature - European Literature | 3 | 20.00 | 100% | 100% | 0% |
| Literature - World Literature | 7 | 17.14 | 100% | 57% | 14% |
| Mythology | 5 | 14.00 | 100% | 20% | 20% |
| Philosophy | 5 | 12.00 | 80% | 40% | 0% |
| Pop Culture | 1 | 10.00 | 0% | 100% | 0% |
| Popular Culture | 1 | 10.00 | 100% | 0% | 0% |
| Religion | 5 | 12.00 | 80% | 40% | 0% |
| Science - Biology | 7 | 14.29 | 100% | 43% | 0% |
| Science - Chemistry | 5 | 22.00 | 100% | 80% | 40% |
| Science - Other Science | 3 | 10.00 | 67% | 33% | 0% |
| Science - Physics | 3 | 10.00 | 100% | 0% | 0% |
| Social Science | 5 | 16.00 | 80% | 80% | 0% |